| 000 | 00628nam a22002297a 4500 | ||
|---|---|---|---|
| 001 | BD-DhSAU 2489 | ||
| 003 | BD-DhSAU | ||
| 005 | 20150128161922.0 | ||
| 008 | 150128b2006 ii a|||| |||| 001 0 eng d | ||
| 020 | _a8176489883 | ||
| 040 | _aBD-DhSAU | ||
| 082 |
_222 _a636 _bPAA |
||
| 100 | _aPandey, B. N. | ||
| 245 |
_aAnimal sciences and environmental issues / _c B. N. Pandey |
||
| 260 |
_aNew Delhi : _bAPH Publishing corp. : _c2006. |
||
| 300 |
_axi, 258 p. : _bill. ; _c22 cm. |
||
| 504 | _ainclude index | ||
| 590 | _atamanna | ||
| 650 | _aanimal husbandry | ||
| 650 | _aanimal science | ||
| 650 | _aenvironmental issues | ||
| 942 |
_2ddc _cBOOK |
||
| 999 |
_c2489 _d2489 |
||